| 000 | 01494nam a2200253 i 4500 | ||
|---|---|---|---|
| 001 | 180249 | ||
| 003 | ES-MaACL | ||
| 005 | 20251012205003.0 | ||
| 008 | 120521m20072008sp c |||| |bspa d | ||
| 020 | _a978-84-96452-50-3 (O. C.) | ||
| 080 | _a821.134.2-31"19" | ||
| 100 | 1 |
_aBaroja, Pío, _d1872-1956 _925752 |
|
| 245 | 1 | 0 |
_aMemorias de un hombre de acción / _cPío Baroja ; prólogo de Pío Caro Baroja. |
| 260 |
_aMadrid : _bFundación José Antonio de Castro, _c[2007-2008] |
||
| 300 |
_a3 v. (XXXVIII, 1426; XXXVI, 1492; XXXIV, 1101 p.) : _bretr. autor ; _c23 cm. |
||
| 490 | 1 | _aBiblioteca Castro | |
| 505 | 8 | _aContiene: Vol. 1 El aprendiz de conspirador; El escuadron del brigante; Los caminos del mundo; Con la pluma y con el sable; Los recursos de la astucia; La ruta del aventurero; Los contrastes de la vida -- Vol. 2: La veleta de Gastizar; Los caudillos de 1830; La Isabelina; El sabor de la venganza; Las furias; El amor, el dantismo y la intriga; Las figuras de cera; La nave de los locos.-- Vol. 3: Las mascaradas sangrientas; Humano enigma; La senda dolorosa; Los confidentes audaces; La venta de Mirambel; Crónica escandalosa; Desde el principio hasta el fin | |
| 600 | 1 | 7 |
_aAviraneta, Eugenio de, _d1792-1872- _vNovelas _2 _9166814 |
| 651 | 4 |
_aEspaña- _xHistoria- _y1833-1876, Guerras carlistas- _vNovelas. _98255 |
|
| 700 | 1 |
_aCaro Baroja, Pío, _d1928-2015 _935406 |
|
| 830 | 0 |
_aBiblioteca Castro _9178957 |
|
| 852 |
_aES-MaACL _jL-29873-75 |
||
| 999 |
_c180249 _d180249 |
||